<?xml version="1.0" encoding="UTF-8"?>
<record
    xmlns:xsi="http://www.w3.org/2001/XMLSchema-instance"
    xsi:schemaLocation="http://www.loc.gov/MARC21/slim http://www.loc.gov/standards/marcxml/schema/MARC21slim.xsd"
    xmlns="http://www.loc.gov/MARC21/slim">

  <leader>00413nam a22001217a 4500</leader>
  <datafield tag="999" ind1=" " ind2=" ">
    <subfield code="c">9359</subfield>
    <subfield code="d">9359</subfield>
  </datafield>
  <controlfield tag="003">OSt</controlfield>
  <controlfield tag="008">201203b           ||||| |||| 00| 0 eng d</controlfield>
  <datafield tag="245" ind1=" " ind2=" ">
    <subfield code="a">Trends In Transport  Engineering And Applications</subfield>
  </datafield>
  <datafield tag="250" ind1=" " ind2=" ">
    <subfield code="a"> 2016( May-Aug Vol.3 No.2, Sep-Dec Vol.3 No.3 ) 2017( Jan-Apr Vol.4 No.1, May-Aug Vol.4 No.2, Sep-Dec Vol.4 No.3 )</subfield>
  </datafield>
  <datafield tag="260" ind1=" " ind2=" ">
    <subfield code="a">Noida</subfield>
    <subfield code="b">STM Journals</subfield>
  </datafield>
  <datafield tag="650" ind1=" " ind2=" ">
    <subfield code="a">Civil Engineering</subfield>
  </datafield>
  <datafield tag="942" ind1=" " ind2=" ">
    <subfield code="2">ddc</subfield>
    <subfield code="c">BV</subfield>
  </datafield>
  <datafield tag="952" ind1=" " ind2=" ">
    <subfield code="0">0</subfield>
    <subfield code="1">0</subfield>
    <subfield code="2">ddc</subfield>
    <subfield code="3">Bound Volume</subfield>
    <subfield code="4">0</subfield>
    <subfield code="7">1</subfield>
    <subfield code="8">BTECHCE</subfield>
    <subfield code="a">PIET</subfield>
    <subfield code="b">PIET</subfield>
    <subfield code="d">2020-12-04</subfield>
    <subfield code="e">STM Journals</subfield>
    <subfield code="h"> 2016( May-Aug Vol.3 No.2, Sep-Dec Vol.3 No.3 ) 2017( Jan-Apr Vol.4 No.1, May-Aug Vol.4 No.2, Sep-Dec Vol.4 No.3 )</subfield>
    <subfield code="l">0</subfield>
    <subfield code="p">BV34</subfield>
    <subfield code="r">2020-12-04 00:00:00</subfield>
    <subfield code="w">2016-01-09</subfield>
    <subfield code="y">BV</subfield>
  </datafield>
</record>
